Internacionalizacija jak vichidna točka strategiji rozvitku fakuľtetu komerciji Ekonomičnogo universitetu v Bratislavi
Na minha lista:
| Autor principal: | |
|---|---|
| Outros Autores: | |
| Formato: | Capítulo de Livro |
| Idioma: | ucraniano |
| Tags: |
Sem tags, seja o primeiro a adicionar uma tag!
|
MARC
| LEADER | 00000naa$a2200000$$$4500 | ||
|---|---|---|---|
| 001 | 0149033 | ||
| 005 | 20240502083342.7 | ||
| 041 | 0 | |a ukr | |
| 044 | |a UA | ||
| 245 | 1 | 0 | |a Internacionalizacija jak vichidna točka strategiji rozvitku fakuľtetu komerciji Ekonomičnogo universitetu v Bratislavi |c Denisa Čiderová, Štefan Žák |
| 100 | 1 | |a Čiderová, Denisa, 1977- | |
| 700 | 1 | |a Žák, Štefan, 1971- | |